[Event "Summer Festival Open"]
[Site "Lisbon POR"]
[Date "2000.08.25"]
[Round "5"]
[White "Barbero,G"]
[Black "Gallagher,Jo"]
[Result "1/2-1/2"]
[WhiteElo "2445"]
[BlackElo "2514"]

1.d4 Nf6 2.c4 g6 3.Nc3 Bg7 4.e4 d6 5.Nf3 O-O 6.Be2 e5 7.Be3 Na6 8.d5 Ng4
9.Bg5 f6 10.Bh4 Nh6 11.Nd2  1/2-1/2

[Event "Open"]
[Site "Porto San Giorgio ITA"]
[Date "2000.08.25"]
[Round "6"]
[White "Gorbatow,A"]
[Black "Badea,B"]
[Result "1-0"]
[WhiteElo "2411"]
[BlackElo "2480"]

1.Nf3 g6 2.c4 Bg7 3.d4 d6 4.Nc3 Nd7 5.e4 e5 6.Be2 Ngf6 7.O-O O-O 8.Re1 c6
9.Bf1 a5 10.b3 Re8 11.Rb1 exd4 12.Nxd4 Ng4 13.Qxg4 Bxd4 14.Bg5 f6 15.Bd2 Ne5
16.Qg3 Ng4 17.Nd1 f5 18.Bd3 Qf6 19.h3 Ne5 20.exf5 Bxf5 21.Bxf5 Qxf5 22.Ne3 Qf8
23.Rf1 a4 24.Rbd1 axb3 25.axb3 Ra2 26.Bc1 Bc5 27.Kh1 Nd7 28.Ng4 Nf6 29.Nh6+ Kg7
30.Qc3 Re5 31.Bf4 Qe7 32.b4 Ne4 33.Bxe5+ dxe5 34.Qb3 Nxf2+ 35.Rxf2 Rxf2 36.bxc5 Rf4
37.Ng4 h5 38.Ne3 Qxc5 39.Qxb7+ Kh6 40.Qb3 Rd4 41.Rf1 Rf4 42.Re1 Qd4 43.Rd1 Qc5
44.Qc3 Re4 45.Rd3 Rd4 46.Qd2 Kg7 47.Rxd4 exd4 48.Nc2  1-0

[Event "Open"]
[Site "Porto San Giorgio ITA"]
[Date "2000.08.25"]
[Round "6"]
[White "Naumkin,I"]
[Black "Safranska,A"]
[Result "1-0"]
[WhiteElo "2440"]
[BlackElo "2337"]

1.d4 Nf6 2.c4 g6 3.Nc3 Bg7 4.e4 d6 5.Nf3 O-O 6.Be2 e5 7.d5 a5 8.Bg5 h6 9.Bh4 Na6
10.O-O Qe8 11.Nd2 Nh7 12.a3 Bd7 13.b3 h5 14.f3 Bf6 15.Bf2 h4 16.Rb1 Bg5 17.b4 axb4
18.axb4 Qe7 19.Bd3 Nf6 20.Ne2 Nh5 21.c5 dxc5 22.Bxa6 Rxa6 23.Bxc5 Qf6 24.b5 Ra2
25.Nc4 Rfa8 26.Nc3 Ng3 27.Re1 b6 28.Nxa2 Rxa2 29.Bf2 Bf4 30.Qb3 Ra7 31.Qb2 Nh5
32.d6 Qe6 33.Qb3 cxd6 34.Nxb6 Ra2 35.Nxd7  1-0

[Event "ECh-u20"]
[Site "Aviles ESP"]
[Date "2000.08.26"]
[Round "10"]
[White "Cheparinov,I"]
[Black "Bekker Jensen,S"]
[Result "1/2-1/2"]
[WhiteElo "2189"]
[BlackElo "2388"]

1.d4 Nf6 2.c4 g6 3.Nc3 Bg7 4.e4 d6 5.Nf3 O-O 6.Be2 e5 7.O-O Na6 8.Be3 Ng4
9.Bg5 Qe8 10.dxe5 dxe5 11.h3 h6 12.Bc1 Nf6 13.Be3 Qe7 14.a3 c6 15.b4 Nh5
16.c5 Nc7 17.Qd6 Qxd6 18.cxd6 Ne6 19.Rfd1 Rd8 20.Rac1 Nhf4 21.Bf1 g5 22.Na4 Nd4
23.Nxd4 exd4 24.Bxd4 Rxd6 25.Bxg7 Rxd1 26.Rxd1 Kxg7 27.Rd6 Be6 28.Nc5 a5
29.b5 cxb5 30.Bxb5 Rc8  1/2-1/2

[Event "ch-ESP"]
[Site "Barcelona ESP"]
[Date "2000.08.26"]
[Round "8"]
[White "San Segundo Carrillo,P"]
[Black "Perpinya Rofes,L"]
[Result "1-0"]
[WhiteElo "2500"]
[BlackElo "2342"]

1.d4 Nf6 2.Nf3 g6 3.c4 Bg7 4.Nc3 O-O 5.e4 d6 6.Be2 e5 7.O-O Na6 8.Re1 c6
9.Be3 exd4 10.Nxd4 Re8 11.f3 d5 12.cxd5 Nxd5 13.Nxd5 cxd5 14.Bxa6 bxa6 15.Nc6 Qf6
16.exd5 Qxb2 17.Rb1 Qxa2 18.d6 Bf6 19.Ne7+ Rxe7 20.dxe7 Bxe7 21.Re2 Qa5 22.Reb2 Qe5
23.Qd4 Bf6 24.Qxe5 Bxe5 25.Ra2 Kg7 26.Rb4 Rb8 27.Rxb8 Bxb8 28.Bd4+ f6 29.Kf2 Kf7
30.Rc2 Bd7 31.g3 Ke6 32.Re2+ Kf7 33.Bc5 Be6 34.Rb2 Be5 35.Rb7+ Kg8 36.Rxa7 Bc4
37.Ke3 Bb2 38.Bd4 Bxd4+ 39.Kxd4 Be2 40.f4 Bb5 41.Kd5  1-0

[Event "ch-ESP"]
[Site "Barcelona ESP"]
[Date "2000.08.26"]
[Round "8"]
[White "Gomez Esteban,J"]
[Black "Moreno,J"]
[Result "1/2-1/2"]
[WhiteElo "2516"]
[BlackElo "2515"]

1.d4 Nf6 2.c4 g6 3.Nc3 Bg7 4.e4 d6 5.Nf3 O-O 6.Be2 e5 7.O-O Na6 8.Be3 Ng4
9.Bg5 Qe8 10.dxe5 dxe5 11.h3 f6 12.Bc1 Nh6 13.a3 Nf7 14.b4 c6 15.c5 Nc7 16.Qb3 Be6
17.Qc2 f5 18.Bb2 f4 19.Nb1 g5 20.Nh2 Nb5 21.Nd2 Rd8 22.Rad1 Qe7  1/2-1/2

[Event "5th Paks Cup IM"]
[Site "Paks HUN"]
[Date "2000.08.26"]
[Round "8"]
[White "Pataki,G"]
[Black "Toth,An1"]
[Result "1/2-1/2"]
[WhiteElo "2294"]
[BlackElo "2337"]

1.d4 Nf6 2.c4 g6 3.Nc3 Bg7 4.e4 d6 5.Be2 O-O 6.Nf3 e5 7.d5 a5 8.Bg5 Na6 9.Nd2 Bd7
10.O-O c6 11.Re1 Nc5  1/2-1/2

[Event "ch-FRA Haute"]
[Site "Vichy FRA"]
[Date "2000.08.26"]
[Round "11"]
[White "Bacrot,E"]
[Black "Dorfman,J"]
[Result "1/2-1/2"]
[WhiteElo "2613"]
[BlackElo "2600"]

1.d4 Nf6 2.c4 g6 3.Nc3 Bg7 4.e4 d6 5.Nf3 O-O 6.Be2 e5 7.O-O Na6 8.Re1 c6
9.Bf1 exd4 10.Nxd4 Ng4 11.h3 Qb6 12.hxg4 Qxd4 13.Qf3 Qb6 14.Qe2 Re8 15.Be3 Qc7
16.f3 Nc5 17.Rad1 Be5 18.Qc2 Qe7 19.Ne2 a5 20.g3 a4  1/2-1/2

[Event "Open"]
[Site "Abudhabi UAE"]
[Date "2000.08.27"]
[Round "2"]
[White "Annakov,B"]
[Black "Babaev,R"]
[Result "1-0"]
[WhiteElo "2565"]
[BlackElo "2322"]

1.d4 Nf6 2.c4 g6 3.Nc3 Bg7 4.e4 d6 5.Nf3 O-O 6.Be2 e5 7.d5 a5 8.Nd2 Na6 9.h4 h5
10.Nf3 Qe8 11.Ng5 Bd7 12.f3 Qe7 13.Be3 c6 14.Qd2 Nb4 15.a3 cxd5 16.exd5 Na6
17.O-O Rac8 18.Nce4 Ne8 19.Qxa5 f5 20.Nc3 Bf6 21.Qb6 Nc5 22.Rae1 Na4 23.Nxa4 Bxa4
24.f4 Ng7 25.b3 Be8 26.Bf3 e4 27.Be2 Bc3 28.Rd1 Ra8 29.c5 Rxa3 30.cxd6 Qd7
31.Bc4 Rf6 32.Ne6 Ra8 33.Bd4 Bxd4+ 34.Qxd4 Rf7 35.Qb6 Kh8 36.Ra1 Rc8 37.Ra5  1-0

[Event "ECh-u20"]
[Site "Aviles ESP"]
[Date "2000.08.27"]
[Round "11"]
[White "Iljushin,A"]
[Black "Jenni,F"]
[Result "0-1"]
[WhiteElo "2509"]
[BlackElo "2440"]

1.d4 Nf6 2.c4 g6 3.Nc3 Bg7 4.e4 d6 5.Be2 O-O 6.Nf3 e5 7.Be3 exd4 8.Nxd4 Re8
9.f3 c6 10.Qd2 d5 11.exd5 cxd5 12.O-O Nc6 13.c5 Rxe3 14.Qxe3 Qf8 15.Nxc6 bxc6
16.Nd1 Be6 17.Rc1 Rb8 18.Qa3 Nh5 19.f4 Bd4+ 20.Kh1 Nf6 21.Qd3 Rb4 22.f5 Bxf5
23.Rxf5 gxf5 24.a3 Be5 25.axb4 Qh6 26.g3 Qxc1 27.Qxf5 Bd4 28.Kg2 Qd2 29.Kf1 Qxb4
30.Qc8+ Kg7 31.Qxc6 Be5 32.Bf3 Qd4 33.Ke2 Qc4+  0-1

[Event "ch-HUN KO"]
[Site "Budapest HUN"]
[Date "2000.09.01"]
[Round "3.1"]
[White "Peter,A"]
[Black "Kerek,K"]
[Result "1/2-1/2"]
[WhiteElo "2441"]
[BlackElo "2353"]

1.d4 Nf6 2.c4 g6 3.Nc3 Bg7 4.e4 d6 5.Be2 O-O 6.Nf3 e5 7.O-O Na6 8.Be3 Ng4
9.Bg5 Qe8 10.h3 Nf6 11.dxe5 dxe5 12.Qc2 c6 13.Rad1 Qe7 14.a3 h6 15.Bc1 Nh5
16.Rfe1 Nf4 17.Bf1 b6 18.b4 Bb7 19.Bb2 Rfd8 20.g3 Ne6 21.b5 Nac5 22.bxc6 Bxc6
23.Nd5 Qb7 24.Nxe5 Ba4 25.Qb1 Bxd1 26.Rxd1 h5 27.f4 Nc7 28.Nc6 Nxd5 29.Nxd8 Rxd8
30.Bxg7 Kxg7 31.cxd5 h4 32.g4 f6 33.Bg2 Qc7 34.Qc1 Qd6 35.g5 fxg5 36.Qa1+ Qf6
37.fxg5 Qxa1 38.Rxa1 Re8 39.Re1 Re5 40.Re3 Kf7 41.Rf3+ Ke7 42.Rf4 Rxg5 43.Rxh4 Kd6
44.Kf2 Ke5 45.Bf3 a5 46.Ke2  1/2-1/2

[Event "Borowski"]
[Site "Essen GER"]
[Date "2000.09.02"]
[Round "1"]
[White "Dautov,R"]
[Black "Schaefer,Ma"]
[Result "1/2-1/2"]
[WhiteElo "2606"]
[BlackElo "2393"]

1.d4 Nf6 2.Nf3 g6 3.c4 Bg7 4.Nc3 O-O 5.e4 d6 6.Be2 Na6 7.O-O e5 8.Be3 Ng4
9.Bg5 Qe8 10.h3 h6 11.Bc1 Nf6 12.dxe5 dxe5 13.Be3 Nd7 14.a3 Ndc5 15.b4 Ne6
16.c5 c6 17.Bxa6 bxa6 18.Qc1 Kh7 19.Rd1 f5 20.Rd6 f4 21.Bd2 Nd4 22.Qd1 Be6
23.Nxd4 exd4 24.Ne2 f3 25.Nxd4 Bxd4 26.Rxd4 fxg2 27.Kxg2 g5 28.Qe2 Qg6 29.f3 Rad8
30.Rd6 Qf7 31.Rd1 Rxd6 32.cxd6 Qd7 33.Bc3 Bxh3+ 34.Kg3 h5 35.Qe3 Bg4 36.Rf1 Qxd6+
37.e5 Qg6 38.Qxa7+ Rf7 39.Qd4 Be6 40.Rd1 Qf5 41.Qd3 h4+ 42.Kg2 Qxd3 43.Rxd3 Bd5  1/2-1/2

[Event "Borowski"]
[Site "Essen GER"]
[Date "2000.09.02"]
[Round "9"]
[White "Pelletier,Y"]
[Black "Schaefer,Ma"]
[Result "1-0"]
[WhiteElo "2474"]
[BlackElo "2393"]

1.Nf3 Nf6 2.c4 g6 3.Nc3 Bg7 4.e4 d6 5.d4 O-O 6.Be2 Na6 7.O-O e5 8.Bg5 h6
9.Bh4 Qe8 10.Bxf6 Bxf6 11.c5 Bg7 12.Bxa6 bxa6 13.Nd5 Qd7 14.cxd6 cxd6 15.Rc1 Qd8
16.dxe5 dxe5 17.Qb3 Be6 18.Rfd1 Qa5 19.Qc3 Qa4 20.Qc4 Qxc4 21.Rxc4 Rfd8 22.Ra4 Bxd5
23.exd5 Rd6 24.Ne1 Rc8 25.b3 f5 26.Rc4 Rcd8 27.Rc5 e4 28.Nc2 f4 29.Na3 e3
30.Kf1 Re8 31.Ke2 exf2+ 32.Kxf2 Rd7 33.Nc4 g5 34.h3 Re4 35.Kf3 Re8 36.Rc6 h5
37.d6 Bf8 38.Rc7  1-0

[Event "chT-POL"]
[Site "Zakopane chT"]
[Date "2000.09.02"]
[Round "1"]
[White "Skalik,P"]
[Black "Kempinski,R"]
[Result "1/2-1/2"]
[WhiteElo "2420"]
[BlackElo "2522"]

1.Nf3 Nf6 2.c4 g6 3.Nc3 Bg7 4.e4 d6 5.d4 O-O 6.Be2 e5 7.O-O Na6 8.Be3 Ng4
9.Bg5 Qe8 10.dxe5 h6 11.Bd2 dxe5 12.h3 Nf6 13.Be3 Qe7 14.a3 c6 15.b4 Nh5
16.Re1 Nf4 17.Bf1 Qf6 18.Ra2 Rd8 19.Rd2 Rxd2 20.Nxd2 Nc7 21.Kh2 Nce6 22.c5 Nd4
23.g3 Nfe6 24.Bg2 h5 25.Na4 h4 26.Nb2 b6 27.cxb6 axb6 28.Nbc4 Qd8 29.Nf3 Nxf3+
30.Qxf3 Nd4 31.Bxd4 hxg3+ 32.fxg3 exd4 33.e5 Be6 34.Qd3 Qc7  1/2-1/2

[Event "Open"]
[Site "Cesenatico ITA"]
[Date "2000.09.03"]
[Round "1"]
[White "Brancaleoni,M"]
[Black "Callier,C"]
[Result "1-0"]
[WhiteElo "2199"]
[BlackElo "2006"]

1.d4 Nf6 2.Nf3 g6 3.c4 Bg7 4.Nc3 O-O 5.e4 d6 6.Be2 e5 7.Be3 Nc6 8.d5 Ne7
9.Nd2 Ne8 10.b4 f5 11.f3 f4 12.Bf2 h5 13.a4 g5 14.a5 Ng6 15.c5 Rf7 16.a6 b6
17.Bb5 Bd7 18.cxb6 cxb6 19.Bc6 Rc8 20.b5 g4 21.Qe2 Bf6 22.O-O-O Bh4 23.Bg1 Bg5
24.Kb2 g3 25.Nc4 Nh4 26.Ra1 Rg7 27.h3 Qc7 28.Rc1 Bd8 29.Na3 Rb8 30.Na2 Bxc6
31.Rxc6 Qd7 32.Nb4 Ng6 33.Rc3 Ne7 34.Qc2 Nc7 35.Nc6 Nxc6 36.Rxc6 Rg6 37.Kb3 Kf8
38.Kb4 Na8 39.Nc4 Rf6 40.Nb2 h4 41.Ka4 Ke8 42.Nd3 Kf8 43.Qc3 Nc7 44.Nxe5 dxe5
45.Qxe5 Qe7 46.Bd4 Qxe5 47.Bxe5 Rxc6 48.bxc6 b5+ 49.Kb3 Rb6 50.Rc1  1-0

[Event "zt 1.1"]
[Site "Mondariz ESP"]
[Date "2000.09.03"]
[Round "1"]
[White "Van Wely,L"]
[Black "Comas Fabrego,L"]
[Result "1/2-1/2"]
[WhiteElo "2643"]
[BlackElo "2516"]

1.d4 Nf6 2.c4 g6 3.Nc3 Bg7 4.e4 d6 5.Nf3 O-O 6.Be2 e5 7.O-O Na6 8.Be3 Ng4
9.Bg5 Qe8 10.dxe5 dxe5 11.Nd2 f6 12.Bh4 h5 13.a3 Be6 14.h3 Nh6 15.b4 Rd8
16.Bg3 Nb8 17.Qc2 Nc6 18.Nb3 f5 19.Nd5 Qf7 20.Bh4 Rde8 21.Bg5 fxe4 22.Qxe4 Nd4
23.Nxd4 exd4 24.Bd3 c6 25.Nf6+ Bxf6 26.Bxh6 Bf5 27.Qf3 Bg7 28.Bxg7 Kxg7 29.Rad1 Rd8
30.Rd2 Bxd3 31.Qxd3 Rfe8 32.c5 Qf4 33.g3 Qe5 34.Rfd1 Rd5 35.Qc4 h4 36.g4 Red8
37.Re2 Qf6 38.Qd3 Re5 39.Re4 Rxe4 40.Qxe4 g5 41.Kg2 Rd5 42.Rd3 b6 43.cxb6 axb6
44.b5 Qg6 45.Qxg6+ Kxg6 46.bxc6 Rc5 47.Rxd4 Rxc6 48.Rb4 Re6 49.Kf3 Kf7 50.Rb5 Kf6
51.Rb3 Kg6 52.Re3 Rf6+ 53.Ke2 b5 54.Rb3 Ra6 55.Kd3 Ra4 56.Kc2 Rf4 57.f3 Kf6
58.Rxb5 Rxf3 59.Rb3 Rf2+ 60.Kc3 Rf4 61.Kd2 Ke5 62.Rb5+ Ke6 63.Ke3 Ra4 64.Rb3 Ke5
65.Rd3 Ra8 66.Kd2 Kf4 67.Kc2 Rc8+ 68.Rc3 Ra8 69.Kb3 Rb8+ 70.Kc4 Rc8+ 71.Kb4 Rb8+
72.Ka5 Ra8+ 73.Kb6 Ke4 74.Kb5 Rb8+ 75.Kc4 Rc8+ 76.Kb3 Rb8+ 77.Kc2 Ra8 78.Kd2 Kf4
79.Rb3 Rd8+ 80.Ke2 Re8+ 81.Kf2 Rc8 82.Rb4+ Ke5 83.Rb5+ Ke4 84.a4 Rc2+ 85.Ke1 Ra2
86.Rxg5 Ra3 87.Rb5 Rxh3 88.Rb4+ Ke5 89.Kf2 Ra3 90.g5 Kf5 91.Rxh4  1/2-1/2

[Event "zt 1.1"]
[Site "Mondariz ESP"]
[Date "2000.09.03"]
[Round "1"]
[White "Dorfman,J"]
[Black "David,Alb"]
[Result "1/2-1/2"]
[WhiteElo "2600"]
[BlackElo "2487"]

1.Nf3 Nf6 2.c4 g6 3.Nc3 Bg7 4.e4 d6 5.d4 O-O 6.Be2 e5 7.Be3 Ng4 8.Bg5 f6
9.Bh4 Nc6 10.d5 Ne7 11.Nd2 h5 12.h3 Nh6 13.f3 g5 14.Bf2 f5 15.c5 Ng6 16.g3 h4
17.gxh4 fxe4 18.fxe4 Nf4 19.Bf1 Qf6 20.Be3 dxc5 21.Bxc5 Rd8 22.Qb3 Bf8 23.Be3 a6
24.a4 Nf7 25.Rh2 Be7 26.Rf2 Qg7 27.a5 Qf8 28.Qc4 Bd6 29.Nb3 Qe7 30.Rc2 Bd7
31.Nc5 b5 32.axb6 Bb5 33.Qb3 Bxf1 34.bxc7 Rf8 35.Kxf1 Bxc5 36.Bxc5 Qxc5 37.Nd1 Qd4
38.Rc4 Qd2 39.Rc2 Qd4 40.Rc4 Qd2 41.Rc2 Qd4  1/2-1/2

[Event "chT-POL"]
[Site "Zakopane chT"]
[Date "2000.09.04"]
[Round "3"]
[White "Przewoznik,J"]
[Black "Jakubowski,T"]
[Result "1/2-1/2"]
[WhiteElo "2414"]
[BlackElo "2311"]

1.Nf3 Nf6 2.c4 g6 3.Nc3 Bg7 4.e4 d6 5.d4 O-O 6.Be2 e5 7.Be3 Na6 8.O-O Ng4
9.Bg5 Qe8 10.h3 h6 11.Bc1 Nf6 12.dxe5 dxe5 13.Be3 Qe7 14.Nd5 Qd8 15.Qc2 c6
16.Nxf6+ Qxf6 17.a3 Qe7 18.b4 f5 19.Rad1 c5 20.Qb3 b6 21.exf5 gxf5 22.Bd2 Nc7
23.Bc3 e4 24.Bxg7 Qxg7 25.Nh4 Ne6 26.f4 Nd4 27.Qe3 Be6 28.Kh2 Qf6 29.g3 Rad8
30.Ng2 Qf7 31.Rc1 Rd7 32.Rfd1 Rfd8 33.bxc5 bxc5 34.Rc3 Nxe2 35.Rxd7 Rxd7
36.Qxe2 Rd4 37.Ne3 Qd7 38.Rc2 Rd3 39.g4 fxg4 40.hxg4 Qd4 41.Nf5 Bxf5 42.gxf5 Qg7
43.Qe1 Qf6 44.Qg1+ Kh7 45.Qg4 Rd7 46.Rg2 Rg7 47.Qh5 Rxg2+ 48.Kxg2 Qb2+ 49.Kh1 Qc1+
50.Kg2 Qd2+ 51.Kh1 Qe1+  1/2-1/2

[Event "It Gp A"]
[Site "Albacete ESP"]
[Date "2000.09.05"]
[Round "1"]
[White "Oms Pallise,J"]
[Black "Arizmendi Martinez,J"]
[Result "0-1"]
[WhiteElo "2430"]
[BlackElo "2456"]

1.d4 Nf6 2.c4 g6 3.Nc3 Bg7 4.e4 d6 5.Be2 O-O 6.Nf3 Na6 7.O-O e5 8.Re1 c6
9.Bf1 Bg4 10.d5 Qe7 11.h3 Bd7 12.a3 Rfc8 13.Bd2 Qe8 14.b4 cxd5 15.cxd5 Nc7
16.a4 b5 17.a5 a6 18.Rc1 Qf8 19.Be3 Kh8 20.Nh4 Nce8 21.g3 Rc7 22.Bb6 Rcc8
23.Qd2 Nh5 24.Kh2 f5 25.exf5 gxf5 26.Qg5 Qf7 27.Be2 Nhf6 28.Nxf5 Rxc3 29.Rxc3 Ne4
30.Qe3 Nxc3 31.Nxg7 Nxe2 32.Nxe8 Rxe8 33.Rxe2 Qxd5 34.Rd2 Qe6 35.Kg1 Bc6  0-1

[Event "chT-POL"]
[Site "Zakopane chT"]
[Date "2000.09.06"]
[Round "5"]
[White "Myc,M"]
[Black "Bielczyk,J"]
[Result "1/2-1/2"]
[WhiteElo "2278"]
[BlackElo "2377"]

1.d4 Nf6 2.c4 d6 3.Nc3 Nbd7 4.e4 e5 5.Nf3 g6 6.Be2 Bg7 7.O-O O-O 8.Re1 c6
9.Bf1 a5 10.Rb1 Re8 11.d5 Nc5 12.b3 Bd7 13.a3  1/2-1/2

[Event "It Gp A"]
[Site "Albacete ESP"]
[Date "2000.09.08"]
[Round "4"]
[White "Pogorelov,R"]
[Black "Arizmendi Martinez,J"]
[Result "0-1"]
[WhiteElo "2445"]
[BlackElo "2456"]

1.Nf3 Nf6 2.c4 g6 3.Nc3 Bg7 4.e4 d6 5.d4 O-O 6.Be2 Na6 7.O-O e5 8.Be3 Ng4
9.Bg5 Qe8 10.dxe5 dxe5 11.h3 f6 12.Bd2 Nh6 13.Be3 Nf7 14.a3 c6 15.b4 Qe7
16.c5 Nc7 17.Bc4 Be6 18.Qe2 f5 19.Rad1 f4 20.Bc1 Rfd8 21.Bb2 Kh8 22.Nb1 b5
23.cxb6 axb6 24.Bxe6 Qxe6 25.Qc2 Nb5 26.Rxd8+ Rxd8 27.Nbd2 Nd4 28.Bxd4 exd4
29.Rc1 Rc8 30.b5 c5 31.Nc4 Rd8 32.Qd3 g5 33.Nfd2 h5 34.f3 Ra8 35.e5 Nxe5
36.Nxe5 Qxe5 37.Nc4 Qe6 38.Kf1 Re8 39.a4 Bf6 40.Qe4 Qxe4 41.fxe4 Bd8 42.a5 bxa5
43.Nd6 Re7 44.Rxc5 Rc7 45.Rd5 Rc1+ 46.Ke2 Bb6 47.Kd2 Rc7 48.Nf5 Rc5 49.Rxc5 Bxc5
50.Kd3 a4 51.Nxd4 a3 52.Nc2 a2 53.Kc4 g4 54.hxg4 hxg4 55.Kxc5 f3 56.gxf3 g3
57.b6 g2 58.b7 g1=Q+ 59.Kc6 Qh2 60.Na1 Kg7 61.Kb6 Qb2+ 62.Kc6 Kf7 63.f4 Qc3+
64.Kd7 Qxa1 65.b8=Q Qd4+ 66.Kc6 Qxe4+ 67.Kc5 Qe7+  0-1

[Event "chT-POL"]
[Site "Zakopane chT"]
[Date "2000.09.08"]
[Round "6"]
[White "Volzhin,A"]
[Black "Kempinski,R"]
[Result "1/2-1/2"]
[WhiteElo "2556"]
[BlackElo "2522"]

1.d4 Nf6 2.c4 g6 3.Nc3 Bg7 4.e4 d6 5.Nf3 O-O 6.Be2 e5 7.O-O Na6 8.Be3 Ng4
9.Bg5 Qe8 10.dxe5 h6 11.Bc1 dxe5 12.h3 Nf6 13.Be3 Qe7 14.a3 c6 15.b4 Nh5
16.Re1 Nf4 17.Bf1 Qf6 18.Ra2 Rd8 19.Rd2 Rxd2 20.Qxd2 Be6 21.b5 Nc7 22.bxc6 bxc6
23.Qd6 Rc8 24.Bxf4 exf4 25.e5 Qd8 26.Ne4 Ne8 27.Qb4 Rb8  1/2-1/2

[Event "Open"]
[Site "Cesenatico ITA"]
[Date "2000.09.10"]
[Round "9"]
[White "Wittstock,B"]
[Black "Callier,C"]
[Result "0-1"]
[WhiteElo "2123"]
[BlackElo "2006"]

1.Nf3 Nf6 2.c4 g6 3.Nc3 Bg7 4.e4 d6 5.d4 O-O 6.Be2 e5 7.dxe5 dxe5 8.Qxd8 Rxd8
9.Bg5 Re8 10.Nd5 Nxd5 11.cxd5 c6 12.dxc6 Nxc6 13.Bb5 a6 14.Bxc6 bxc6 15.O-O-O Be6
16.Kb1 c5 17.Rc1 c4 18.Nd2 Rec8 19.Rc2 Rc7 20.Rhc1 Rac8 21.b3 f5 22.Nxc4 fxe4
23.Nd6 Rxc2 24.Rxc2 Rxc2 25.Kxc2 Bd5 26.Be3 Bf6 27.Nc4 Kf7 28.Kc3 Ke6 29.Kb4 Bd8
30.Kc5 Bc7 31.Bg5 Bb7 32.b4 Bd5 33.b5 axb5 34.Kxb5 e3 35.Bxe3 Bxg2 36.Bb6 Bb8
37.a4 h5 38.a5 Ba8 39.a6 e4 40.h4 Kd5 41.Be3 Bc6+ 42.Kb6 Ba8 43.Na3 Ke6 44.a7 Bd6
45.Nb5 Kd7 46.Nc3 Be7 47.Bg5 Bxg5 48.hxg5 h4 49.Ne2 h3 50.Ng3 h2 51.Kc5 e3
52.fxe3 h1=Q 53.Nxh1 Bxh1 54.Kd4 Bb7 55.Ke5 Ke7 56.Kd4 Kd6  0-1

[Event "chT-POL"]
[Site "Zakopane chT"]
[Date "2000.09.10"]
[Round "8"]
[White "Dziuba,M"]
[Black "Bielczyk,J"]
[Result "1/2-1/2"]
[WhiteElo "2392"]
[BlackElo "2377"]

1.d4 d6 2.c4 e5 3.Nf3 Nd7 4.Nc3 g6 5.e4 Ngf6 6.Be2 Bg7 7.O-O O-O 8.Be3 c6
9.dxe5 dxe5 10.Qd6 Re8 11.Rad1 Bf8 12.Qd2 Qe7 13.Qc2 Ng4 14.Bg5 f6 15.Bc1 Nc5
16.b4 Ne6 17.c5 Nh6 18.Bc4 Nf7 19.Be3 Kg7 20.Qb3 f5 21.exf5 gxf5 22.Rfe1 Qf6
23.Ne2 b5 24.Bxe6 Bxe6 25.Qb2 Kg8 26.Nf4  1/2-1/2

[Event "Match"]
[Site "Albacete ESP"]
[Date "2000.09.11"]
[Round "2"]
[White "Topalov,V"]
[Black "Herraiz Lopez,H"]
[Result "0-1"]
[WhiteElo "2707"]
[BlackElo "2415"]

1.d4 Nf6 2.c4 g6 3.Nc3 Bg7 4.e4 d6 5.Nf3 O-O 6.Be2 e5 7.O-O Na6 8.Be3 Ng4
9.Bg5 Qe8 10.dxe5 dxe5 11.h3 h6 12.Bd2 Nf6 13.Be3 Qe7 14.Nd5 Qd8 15.Qc2 c6
16.Nxf6+ Qxf6 17.c5 Nc7 18.Rad1 Be6 19.Qc1 g5 20.Bc4 Qg6 21.Bxe6 Nxe6 22.Qc4 Rfd8
23.Rd6 Rxd6 24.cxd6 Rd8 25.Bxa7 Rxd6 26.a4 Nd4 27.Bxd4 exd4 28.Qd3 Qe6 29.Nd2 Rd8
30.a5 Re8 31.Ra1 Qe5 32.g3 Qb5 33.Nc4 Rf8 34.Ra3 Qb4 35.Kg2 Re8 36.Rb3 Qe7
37.Rb6 Ra8 38.Kg1 Qc7 39.Qb3 Ra7 40.Kg2 Qe7 41.Qf3 Qe6 42.Qd3 Qe7 43.b4 Qd7
44.Ne3 Be5 45.Ng4 Bg7 46.b5 cxb5 47.Rxh6 Rxa5 48.e5 Qd5+  0-1

[Event "zt 1.1"]
[Site "Mondariz ESP"]
[Date "2000.09.12"]
[Round "9"]
[White "Dorfman,J"]
[Black "Nataf,IA"]
[Result "0-1"]
[WhiteElo "2600"]
[BlackElo "2526"]

1.c4 Nf6 2.Nc3 g6 3.e4 d6 4.d4 Bg7 5.Nf3 O-O 6.Be2 e5 7.Be3 Ng4 8.Bg5 f6
9.Bh4 g5 10.Bg3 Nh6 11.d5 Nd7 12.Nd2 f5 13.exf5 Nf6 14.Nde4 Nxe4 15.Nxe4 Bxf5
16.Bd3 g4 17.Qe2 Kh8 18.O-O-O Qe8 19.Kb1 Qg6 20.h3 gxh3 21.gxh3 Ng8 22.Bh4 Bxe4
23.Bxe4 Qh6 24.Bg3 Nf6 25.Bf3 e4 26.Bg4 Nxg4 27.hxg4 Qg6 28.Ka1 a5 29.Rde1 Rae8
30.a4 Rf3 31.Ka2 Rd3 32.Bf4 b5 33.axb5 a4 34.Bc1 a3 35.b3 Qf6 36.Bg5 Qb2+
37.Qxb2 axb2 38.Kb1 Ra8 39.Kc2 Rc3+ 40.Kd2 Rxb3 41.Rb1 Ra4 42.Kc2 Rc3+ 43.Kd1 Rd3+
44.Ke2 Rxc4 45.Rhd1 Rc2+ 46.Ke1 Bc3+ 47.Kf1 Bd4  0-1

[Event "chT-POL"]
[Site "Zakopane chT"]
[Date "2000.09.12"]
[Round "10"]
[White "Zielinska,Mar"]
[Black "Socko,M"]
[Result "0-1"]
[WhiteElo "2376"]
[BlackElo "2403"]

1.d4 Nf6 2.Nf3 g6 3.c4 Bg7 4.Nc3 d6 5.e4 O-O 6.Be2 e5 7.dxe5 dxe5 8.Qxd8 Rxd8
9.Bg5 c6 10.Nxe5 Re8 11.O-O-O Na6 12.f4 h6 13.Bh4 g5 14.Bg3 Nc5 15.Rhe1 Nfxe4
16.Nxe4 Nxe4 17.Bh5 Bxe5 18.fxe5 Nxg3 19.hxg3 Be6 20.b3 Rad8 21.Rd6 Kg7 22.c5 Rc8
23.Kb2 Rc7 24.Kc3 Rce7 25.Kd4 a5 26.Be2 a4 27.Bc4 axb3 28.axb3 Bxc4 29.bxc4 Re6
30.g4 Kg6 31.Rf1 Kg7 32.Rf5 R6e7 33.Ke4 Ra8 34.Rf2 Ra3 35.Rf3 Ra2 36.Rh3 Re2+
37.Kf3 R7xe5  0-1

[Event "Match"]
[Site "Albacete ESP"]
[Date "2000.09.13"]
[Round "4"]
[White "Topalov,V"]
[Black "Herraiz Lopez,H"]
[Result "1/2-1/2"]
[WhiteElo "2707"]
[BlackElo "2415"]

1.d4 Nf6 2.c4 g6 3.Nc3 Bg7 4.e4 d6 5.Nf3 O-O 6.Be2 e5 7.O-O Na6 8.Be3 Ng4
9.Bg5 f6 10.Bc1 Nh6 11.dxe5 dxe5 12.Rb1 c6 13.b4 Nf7 14.b5 Qxd1 15.Bxd1 cxb5
16.cxb5 Nc7 17.Bb3 Be6 18.b6 axb6 19.Bxe6 Nxe6 20.Rxb6 Nc5 21.Rb5 Na4 22.Nxa4  1/2-1/2

[Event "zt 1.1"]
[Site "Mondariz ESP"]
[Date "2000.09.13"]
[Round "10"]
[White "Ryan,J"]
[Black "Moreno,J"]
[Result "1-0"]
[WhiteElo "2291"]
[BlackElo "2515"]

1.d4 Nf6 2.Nf3 g6 3.c4 Bg7 4.Nc3 d6 5.e4 O-O 6.Be2 e5 7.O-O Na6 8.Be3 Ng4
9.Bg5 Qe8 10.dxe5 dxe5 11.h3 f6 12.Bd2 Nh6 13.c5 c6 14.Bxa6 bxa6 15.Bxh6 Bxh6
16.Qc2 Rf7 17.Rad1 Be6 18.b3 Rb8 19.Rd3 Bf8 20.Na4 Rfb7 21.Rfd1 Rb4 22.Nd2 Qf7
23.Rb1 h5 24.a3 R4b7 25.Rc3 Rd8 26.Nc4 Bxc4 27.Rxc4 Rbd7 28.b4 Rd2 29.Qb3 h4
30.Nc3 Bh6 31.a4 R8d4 32.Rxd4 Qxb3 33.Rd8+ Rxd8 34.Rxb3 Bf8 35.Kf1 Kf7 36.Ke2 Ke6
37.b5 Bxc5 38.bxc6 Kd6 39.Rb7 Kxc6 40.Rf7 Bd4 41.Rxf6+ Rd6 42.Rxd6+ Kxd6
43.Nd5 g5 44.g3 Kc5 45.gxh4 gxh4 46.f4 exf4 47.Nxf4 Kb4 48.Kd3 Bg7 49.Ng6 Kxa4
50.Kc4 a5 51.e5 Ka3 52.e6 Bf6 53.e7 Bxe7 54.Nxe7 a4 55.Kc3 Ka2 56.Kc2 a3
57.Nf5 a5 58.Nxh4 a4 59.Nf3 Ka1 60.Nd2 a2 61.h4  1-0

[Event "World Seniors"]
[Site "Rowy POL"]
[Date "2000.09.15"]
[Round "5"]
[White "Arkhangelsky,B"]
[Black "Balcerowski,W"]
[Result "1-0"]
[WhiteElo "2424"]
[BlackElo "2226"]

1.Nf3 Nf6 2.c4 g6 3.Nc3 Bg7 4.d4 d6 5.e4 O-O 6.Be2 Nbd7 7.O-O e5 8.Re1 exd4
9.Nxd4 Re8 10.Bf1 Nc5 11.f3 a5 12.Be3 Nfd7 13.Qd2 c6 14.Rad1 Qc7 15.Kh1 Nf8
16.Bh6 Bh8 17.Qf2 Be6 18.Bf4 Be5 19.Be3 Bg7 20.Qg3 Rad8 21.Qh4 Qe7 22.Qxe7 Rxe7
23.Nxc6 bxc6 24.Bxc5 Rb7 25.Bxd6 Rxb2 26.e5 Nd7 27.f4 h5 28.Re2 Rb7 29.Red2 f6
30.Ne4 Bg4 31.Re1 fxe5 32.Bxe5 Rf8 33.Bxg7 Kxg7 34.h3 Bf5 35.Nd6 Ra7 36.Re7+ Kf6
37.Nxf5 Kxf5 38.Rdxd7 Rxd7 39.Rxd7 Kxf4 40.Kg1 g5 41.Rd3 g4 42.hxg4 hxg4
43.g3+ Ke4 44.Ra3  1-0

[Event "World Seniors"]
[Site "Rowy POL"]
[Date "2000.09.15"]
[Round "5"]
[White "Usachyi,M"]
[Black "Godes,D"]
[Result "1-0"]
[WhiteElo "2191"]
[BlackElo "2344"]

1.d4 Nf6 2.Nf3 g6 3.c4 Bg7 4.Nc3 d6 5.e4 O-O 6.Be2 e5 7.d5 Nh5 8.g3 a6 9.Ng1 Nf6
10.Bg5 c6 11.a4 cxd5 12.cxd5 a5 13.Nf3 h6 14.Bc1 Bh3 15.Bf1 Qd7 16.Ng1 Bxf1
17.Kxf1 Nh7 18.Kg2 f5 19.f3 Nf6 20.Nge2 Na6 21.Be3 Rac8 22.h3 Nh5 23.Rf1 f4
24.g4 fxe3 25.gxh5 Qe7 26.hxg6 Rf6 27.Ng3 Rxg6 28.Kh2 Qg5 29.Rg1 Qf4 30.Ne2 Qh4
31.Qd3 Nb4 32.Qxe3 Nc2 33.Nf5 Nxe3 34.Nxh4 Rxg1 35.Kxg1 Bf6 36.Kf2 Nxd5 37.Nf5 Rc5
38.exd5 Rxd5 39.Rc1 Rd2 40.Rc7 Rxb2 41.Nxh6+ Kh8 42.Ng4 Bg7 43.Ke3 Rb3+ 44.Kf2 d5
45.Ng3 e4 46.fxe4 dxe4 47.Nxe4  1-0

[Event "TCh-FIN 00-01"]
[Site "FIN"]
[Date "2000.09.23"]
[Round "1"]
[White "Paldanius,P"]
[Black "Fieandt,J"]
[Result "1/2-1/2"]
[WhiteElo "2238"]
[BlackElo "2196"]

1.d4 Nf6 2.c4 g6 3.Nc3 Bg7 4.e4 d6 5.Nf3 O-O 6.Be2 e5 7.O-O exd4 8.Nxd4 Re8
9.f3 Nc6 10.Be3 Nh5 11.f4 Nf6 12.Bf3 Bd7 13.Qd2 a6 14.Rae1 Rb8 15.b3 b5 16.cxb5 Nxd4
17.Bxd4 axb5 18.e5 dxe5 19.Bxe5 b4 20.Ne2 Bb5 21.Qb2 Nh5 22.Bxh5 Bxe5 23.fxe5 gxh5
24.Rf3 Bxe2 25.Qxe2 Qd4+ 26.Kh1 Rb6 27.Rg3+ Rg6 28.Qxh5 Re6 29.Rxg6+ hxg6
30.Qg5 Qf2 31.Rd1  1/2-1/2

[Event "V ECC Women"]
[Site "Halle GER"]
[Date "2000.09.26"]
[Round "3"]
[White "Ovod,E"]
[Black "Melamed,T"]
[Result "1/2-1/2"]
[WhiteElo "2263"]
[BlackElo "2305"]

1.c4 Nf6 2.Nc3 g6 3.d4 Bg7 4.e4 d6 5.Nf3 O-O 6.Be2 Na6 7.O-O e5 8.Re1 c6
9.Bf1 exd4 10.Nxd4 Ng4 11.h3 Qb6 12.hxg4 Qxd4 13.Qe2 Qe5 14.Be3 Nc5 15.f3 Qe7
16.Qd2 Be6 17.Rad1 Be5 18.Bg5 f6 19.Bh4 g5 20.Bf2 Qf7 21.g3 Bxc4 22.f4 gxf4
23.gxf4 Bxc3 24.Qxc3 Bxf1 25.Kxf1 Rad8 26.Bxc5  1/2-1/2